000 00434nam a2200169Ia 4500
001 24558
005 20260414151051.0
008 260414t2007||||xx |||||||||||||| ||spa||
041 _aESP
082 _a345.721
_bB141 V. 3
100 _aCastillo Freyre, Mario
_eAUT
245 0 _aEl arbitraje en las distintas áreas del derecho :
_bprimera parte
260 _c2007
650 _aDER
654 _aCDE
942 _cLIB
_dJUS
_fJUS
_2ddc
_n
999 _c24558
_d24558